Statystyki dla Stolice świata najbliżej Tajpej

Kliknij tutaj aby rozwiązać quiz!

Ogólne statystyki

  • Ten quiz został rozwiązany 12 razy
  • Średni wynik to 12 z 20

Statystyki odpowiedzi

kmstolica% Poprawnych
1722Pekin
100%
2105Tokio
100%
3237Kuala Lumpur
89%
1160Manila
89%
1491Seul
89%
2849Ułan Bator
89%
2543Bangkok
78%
1667Hanoi
78%
1601Pjongjang
78%
3829Dżakarta
67%
2308Wientian
67%
3155Dhaka
56%
3611Katmandu
56%
3250Singapur
44%
3760Dili
33%
2676Naypyidaw
33%
2310Phnom Penh
33%
2348Bandar Seri
Begawan
22%
3188Thimphu
22%
2395Ngerulmud
0%

Rozkład punktacji

Percentyl według liczby udzielonych odpowiedzi

Procent ludzi z każdym wynikiem

Twoja historia wyników

Nie rozwiązałeś tego quizu